00583nam a2200193Ia 4500003000400000005001700004008004100021020002700062040001700089082001900106100002600125245007200151260002800223300001600251440004600267650002500313650002800338700002300366IIN20240209121957.0231217s9999 xx 000 0 und d cRs.2395.00a8184483090 aIINbEnglish a610.73 bWIL1 aWilkinson, Judith M. 1 aFundamentals of Nursing /cJudith M. Wilkinson and Karen Van Leuven bJaypeeaNew Delhic2008 axlvi,1089p. aTheory, Concepts and Applications vVol.11 aFoundationvNursing 1 aFundamentals vNursing 1 aLeuven, Karen Van